000 00188 a2200097 4500
001 8110
100 _aGamow, G
245 _aPuzzle Math
260 _a
_bMacmillan
_c
090 _c6511
_d6511
942 _aNUST-CAE
_cM
_c33058
999 _c243183
_d243183